[Event "Bad Woerishofen sen"]
[Site "?"]
[Date "2002.??.??"]
[Round "7"]
[White "Hein, Manfred"]
[Black "Servaty, Rudolf"]
[Result "1-0"]
[WhiteElo "2107"]
[BlackElo "2201"]
[Annotator "ChessOrg"]
[PlyCount "65"]
[EventDate "2002.??.??"]

1. e4 c5 2. Nf3 e6 3. c3 d5 4. exd5 exd5 5. d4 Bd6 6. dxc5 Bxc5 7. Bb5+ Nc6 8.
Qe2+ Nge7 9. O-O O-O 10. Bf4 Ng6 11. Bg3 Bg4 12. Nbd2 Qf6 13. h3 Rfe8 14. Qd3
Be6 15. Nb3 Bb6 16. Nbd4 Nf4 17. Bxf4 Qxf4 18. Nxc6 Bxh3 19. Qd2 Qd6 20. Ncd4
Bxg2 21. Kxg2 Re4 22. Nf5 Qg6+ 23. Ng3 Rg4 24. Bd3 Qd6 25. Nh2 Rf4 26. Rae1 g6
27. Re2 h5 28. Rfe1 h4 29. Nh1 Qf6 30. Re8+ Rxe8 31. Rxe8+ Kg7 32. Qe2 Kh7 33.
Qh5+ 1-0

[Event "Bad Woerishofen sen"]
[Site "?"]
[Date "2002.??.??"]
[Round "7"]
[White "Bierbach, Utz"]
[Black "Niebling, Ferdinand"]
[Result "1-0"]
[WhiteElo "2033"]
[BlackElo "2192"]
[Annotator "ChessOrg"]
[PlyCount "37"]
[EventDate "2002.??.??"]

1. d4 e6 2. Nf3 Nf6 3. c4 b6 4. g3 Ba6 5. Qc2 Bb7 6. Bg2 c5 7. dxc5 Bxc5 8. O-O
O-O 9. Nc3 Nc6 10. Bg5 Be7 11. Rad1 h6 12. Bxf6 Bxf6 13. Ne4 d5 14. Nxf6+ Qxf6
15. cxd5 Nb4 16. Qb3 Nxd5 17. e4 Nc7 18. Rd7 Rac8 19. e5 1-0

[Event "Bad Woerishofen sen"]
[Site "?"]
[Date "2002.??.??"]
[Round "7"]
[White "Villing, Dieter"]
[Black "Wunderer, Eckart"]
[Result "0-1"]
[WhiteElo "2231"]
[BlackElo "2190"]
[Annotator "ChessOrg"]
[PlyCount "82"]
[EventDate "2002.??.??"]

1. e4 d6 2. d4 Nf6 3. Nc3 c6 4. g3 Nbd7 5. f4 e5 6. Nf3 Qc7 7. Bd3 Be7 8. O-O
O-O 9. Kg2 b5 10. a3 Bb7 11. dxe5 dxe5 12. fxe5 Nxe5 13. Nxe5 Qxe5 14. Bf4 Qe6
15. e5 c5+ 16. Kg1 Qc6 17. Kf2 c4 18. Bf5 Bc5+ 19. Ke1 Rfe8 20. Qe2 Bd4 21. Rd1
Rad8 22. Rd2 a5 23. Kd1 b4 24. exf6 Rxe2 25. Nxe2 Bxf6 26. Rxd8+ Bxd8 27. Kc1
bxa3 28. bxa3 Bf6 29. c3 Qc5 30. Bc2 Qxa3+ 31. Kd2 Qe7 32. Rb1 g6 33. Nd4 Kg7
34. Rb5 Be4 35. Rxa5 Bxc2 36. Kxc2 Qe4+ 37. Kb2 Bxd4 38. cxd4 Qxd4+ 39. Ka3
Qc3+ 40. Ka2 Qb3+ 41. Ka1 Qc3+ 0-1

[Event "Bad Woerishofen sen"]
[Site "?"]
[Date "2002.??.??"]
[Round "7"]
[White "Goy, Udo"]
[Black "Walther, Diethelm"]
[Result "1-0"]
[WhiteElo "2191"]
[BlackElo "2091"]
[Annotator "ChessOrg"]
[PlyCount "105"]
[EventDate "2002.??.??"]

1. d4 d5 2. Nf3 Bf5 3. g3 e6 4. Bg2 c5 5. O-O Nc6 6. c4 Nf6 7. cxd5 exd5 8. Nc3
Be7 9. dxc5 d4 10. Na4 O-O 11. b3 Qd7 12. Bf4 Rad8 13. Rc1 Rfe8 14. Re1 Nd5 15.
Ne5 Qe6 16. Nxc6 bxc6 17. Qxd4 Bf6 18. Qc4 Nxf4 19. Qxf4 Rd4 20. e4 Bg6 21.
Rcd1 Red8 22. Rxd4 Bxd4 23. Rd1 h6 24. Kh1 Rd7 25. Qf3 Qe5 26. Qd3 Bh5 27. f3
g5 28. b4 f5 29. exf5 Be8 30. Qe4 Qxe4 31. fxe4 Kf7 32. Bf1 Kf6 33. b5 Ke5 34.
b6 axb6 35. cxb6 Rb7 36. Rb1 Rb8 37. Bd3 g4 38. Nb2 Bf7 39. Nc4+ Bxc4 40. Bxc4
Kxe4 41. b7 Kxf5 42. a4 Ba7 43. a5 Ke5 44. a6 Rf8 45. Be2 h5 46. Rd1 Ke6 47.
Bf1 Ke7 48. Bg2 Rf6 49. Rb1 Re6 50. h3 h4 51. gxh4 g3 52. Bf3 Rf6 53. b8=Q 1-0

[Event "Bad Woerishofen sen"]
[Site "?"]
[Date "2002.??.??"]
[Round "7"]
[White "Aigner, Georg"]
[Black "Schmid, Hermann"]
[Result "0-1"]
[WhiteElo "1830"]
[BlackElo "2169"]
[Annotator "ChessOrg"]
[PlyCount "68"]
[EventDate "2002.??.??"]

1. e4 c6 2. d4 d5 3. Nc3 dxe4 4. Nxe4 Bf5 5. Ng3 Bg6 6. Be2 Nf6 7. Nf3 Nbd7 8.
O-O Qc7 9. Re1 e6 10. Bd3 Be7 11. Bg5 Bxd3 12. Qxd3 h6 13. Bd2 O-O 14. Ne4 Rfd8
15. Qe2 Nxe4 16. Qxe4 c5 17. c3 Nf6 18. Qe2 cxd4 19. Nxd4 a6 20. Rad1 Rd5 21.
Nxe6 fxe6 22. Qxe6+ Kf8 23. Bf4 Qd7 24. Qe2 Re8 25. Qf3 Rxd1 26. Rxd1 Qc6 27.
Qh3 Rd8 28. Re1 Qe4 29. Qe3 Qxe3 30. Bxe3 Ng4 31. Bd4 Bf6 32. Bc5+ Kf7 33. f4
h5 34. Re2 Rd1+ 0-1

[Event "Bad Woerishofen sen"]
[Site "?"]
[Date "2002.??.??"]
[Round "7"]
[White "Bierwisch, Bernhard"]
[Black "Bakalarozyk, Wiodzimien"]
[Result "1/2-1/2"]
[WhiteElo "2171"]
[BlackElo "2000"]
[Annotator "ChessOrg"]
[PlyCount "32"]
[EventDate "2002.??.??"]

1. e4 c5 2. Nc3 Nc6 3. g3 g6 4. Bg2 Bg7 5. d3 d6 6. f4 e6 7. Nf3 Nge7 8. O-O
Rb8 9. Be3 Nd4 10. Qd2 Qa5 11. Kh1 Bd7 12. Rf2 Nec6 13. Nd1 Qxd2 14. Rxd2 Nxf3
15. Bxf3 O-O 16. c3 Rfc8 1/2-1/2

[Event "Bad Woerishofen sen"]
[Site "?"]
[Date "2002.??.??"]
[Round "7"]
[White "Storkebaum, Karl-Heinz"]
[Black "Dryzek, Tadeusz"]
[Result "0-1"]
[WhiteElo "1848"]
[BlackElo "2057"]
[Annotator "ChessOrg"]
[PlyCount "60"]
[EventDate "2002.??.??"]

1. d4 Nf6 2. c4 e6 3. Nc3 d5 4. Nf3 Nbd7 5. Bg5 Be7 6. e3 O-O 7. Bd3 dxc4 8.
Bxc4 a6 9. Bd3 c5 10. O-O b5 11. dxc5 Nxc5 12. Bc2 Bb7 13. Qe2 b4 14. Na4 Nxa4
15. Bxa4 Qa5 16. Bxf6 Bxf6 17. Bb3 Qh5 18. Rac1 Be5 19. h3 Bxf3 20. Qxf3 Qxf3
21. gxf3 Bxb2 22. Rc4 a5 23. Rd1 g6 24. Rd7 Bc3 25. Ba4 Rac8 26. Rxc8 Rxc8 27.
Ra7 Rc5 28. Be8 Rf5 29. Kg2 Kf8 30. e4 Rg5+ 0-1

[Event "Bad Woerishofen sen"]
[Site "?"]
[Date "2002.??.??"]
[Round "7"]
[White "Josting, Friedel"]
[Black "Minz, Michail"]
[Result "0-1"]
[WhiteElo "1840"]
[BlackElo "2133"]
[Annotator "ChessOrg"]
[PlyCount "118"]
[EventDate "2002.??.??"]

1. Nf3 d5 2. d4 Bf5 3. Bf4 e6 4. Nbd2 Bd6 5. Bg3 Bxg3 6. hxg3 h6 7. e3 Nf6 8.
c4 c6 9. Qb3 Qb6 10. Be2 Nbd7 11. O-O O-O 12. Rac1 Ne4 13. Nxe4 Bxe4 14. Rfd1
Qxb3 15. axb3 Bg6 16. Bd3 Bxd3 17. Rxd3 f6 18. b4 dxc4 19. Rxc4 a6 20. e4 Rad8
21. Rc1 Nb6 22. Rcd1 Rd7 23. Nd2 Rfd8 24. Nb3 Kf8 25. Nc5 Re7 26. b3 Rb8 27. f3
Ke8 28. Kf2 Kd8 29. Na4 Kc7 30. Nxb6 Kxb6 31. d5 exd5 32. exd5 cxd5 33. Rxd5
Rc8 34. Rd7 Rxd7 35. Rxd7 Rc7 36. Rd4 Re7 37. f4 Kb5 38. Rc4 b6 39. g4 g6 40.
g3 Re6 41. f5 gxf5 42. gxf5 Re5 43. g4 h5 44. gxh5 Rxf5+ 45. Ke2 Rxh5 46. Kd2
Rh8 47. Kc3 f5 48. Rf4 Rf8 49. Kb2 Kc6 50. Kc3 Kd5 51. Kd3 Ke5 52. Rf1 b5 53.
Ra1 Rf6 54. Ke3 Rh6 55. Ke2 Ke4 56. Rg1 Rh2+ 57. Kd1 Rb2 58. Rg6 Rxb3 59. Rxa6
Rxb4 0-1

[Event "Bad Woerishofen sen"]
[Site "?"]
[Date "2002.??.??"]
[Round "7"]
[White "Xander, Karl"]
[Black "Weigel, Herbert"]
[Result "1/2-1/2"]
[WhiteElo "1971"]
[BlackElo "2159"]
[Annotator "ChessOrg"]
[PlyCount "85"]
[EventDate "2002.??.??"]

1. e4 c5 2. Nf3 d6 3. d4 cxd4 4. Nxd4 Nf6 5. Nc3 Nc6 6. Be2 e5 7. Nb3 Be7 8.
Be3 O-O 9. O-O a5 10. Nd2 Be6 11. Nc4 Bxc4 12. Bxc4 Nd7 13. Qd2 Nc5 14. Rad1
Rc8 15. f3 Ne6 16. Bxe6 fxe6 17. a3 Qe8 18. Nb5 Rd8 19. Bb6 Rd7 20. c4 Qg6 21.
Bxa5 Bg5 22. Qe1 Nxa5 23. Qxa5 Rdf7 24. Nxd6 Rxf3 25. Rxf3 Rxf3 26. Kh1 Rf2 27.
Qa8+ Rf8 28. Qa7 Qh5 29. Qg1 Be3 30. Qe1 Bf4 31. h3 Bg3 32. Qd2 Rf2 33. Qd3 h6
34. Rf1 Rxf1+ 35. Qxf1 Bf4 36. Qf3 Qh4 37. Qf1 Qg3 38. Qg1 b6 39. Nb5 g5 40.
Nc3 Qd3 41. Qd1 Qxc4 42. Qd8+ Kf7 43. Qd7+ 1/2-1/2

[Event "Bad Woerishofen sen"]
[Site "?"]
[Date "2002.??.??"]
[Round "7"]
[White "Ottmann, Josef"]
[Black "Potthammel, Joerg"]
[Result "0-1"]
[WhiteElo "1950"]
[BlackElo "2073"]
[Annotator "ChessOrg"]
[PlyCount "153"]
[EventDate "2002.??.??"]

1. e4 c6 2. c4 d5 3. exd5 cxd5 4. cxd5 Nf6 5. Bb5+ Bd7 6. Bc4 b5 7. Bb3 Na6 8.
d4 Bg4 9. Nf3 Nxd5 10. O-O Nac7 11. Nc3 e6 12. Qd3 Bxf3 13. Qxf3 Nxc3 14. bxc3
Be7 15. Bc2 O-O 16. Rd1 Rc8 17. Rd3 g6 18. Bf4 Nd5 19. Bh6 Re8 20. Bb3 Bg5 21.
Bxg5 Qxg5 22. Re1 Red8 23. g3 Kg7 24. Kg2 Qf6 25. Bxd5 Rxd5 26. Qxf6+ Kxf6 27.
Rb1 a6 28. Kf3 h5 29. h4 Kf5 30. Ke2 e5 31. Rf3+ Ke6 32. Re3 Kd6 33. dxe5+ Rxe5
34. Rxe5 Kxe5 35. Kd3 Rd8+ 36. Ke3 Rc8 37. Kd3 Rc4 38. Re1+ Kf5 39. f3 f6 40.
Re2 Ra4 41. Rh2 Ke5 42. Re2+ Kd5 43. Rg2 Ra3 44. Rb2 Ke5 45. Re2+ Kd5 46. Rb2
Kc5 47. g4 a5 48. Rc2 Kd5 49. Kd2 Ra4 50. gxh5 gxh5 51. Ke3 Rxh4 52. Rd2+ Kc4
53. f4 f5 54. Rd4+ Kxc3 55. Rd5 Rh3+ 56. Kf2 Kc4 57. Rxf5 Rh2+ 58. Ke3 h4 59.
a4 Rb2 60. axb5 Rxb5 61. Rf8 Rh5 62. Rc8+ Kd5 63. Rb8 Ke6 64. Rb2 h3 65. Rh2
Kd5 66. Kf3 a4 67. Kg3 Ke4 68. Kg4 Rh8 69. Re2+ Kd3 70. Rh2 a3 71. f5 a2 72.
Rxa2 h2 73. Rxh2 Rxh2 74. Kg5 Ke4 75. f6 Ke5 76. f7 Rf2 77. Kg6 0-1

[Event "Bad Woerishofen sen"]
[Site "?"]
[Date "2002.??.??"]
[Round "7"]
[White "Limberg, Siegfried"]
[Black "Fels, Karl-Heinz"]
[Result "1-0"]
[WhiteElo "2111"]
[BlackElo "1850"]
[Annotator "ChessOrg"]
[PlyCount "65"]
[EventDate "2002.??.??"]

1. d4 Nf6 2. Nf3 e6 3. e3 d5 4. Bd3 c5 5. c3 Bd6 6. Nbd2 Nc6 7. O-O O-O 8. Qe2
e5 9. dxc5 Bxc5 10. e4 d4 11. Nb3 Bb6 12. cxd4 Nxd4 13. Nbxd4 Bxd4 14. Nxd4
exd4 15. Bg5 h6 16. Bh4 Qb6 17. e5 Nh7 18. Qc2 g6 19. Be7 Re8 20. Bc5 Qe6 21.
Bxd4 Bd7 22. Bc3 Rac8 23. Qe2 Bc6 24. Rfd1 Rcd8 25. Bc4 Qf5 26. Rxd8 Rxd8 27.
e6 Qg5 28. exf7+ Kf8 29. Bb4+ Kg7 30. g3 Qf5 31. Re1 Qh3 32. Bc3+ Nf6 33. Bxf6+
1-0

[Event "Bad Woerishofen sen"]
[Site "?"]
[Date "2002.??.??"]
[Round "7"]
[White "Vorderbruegge, Franz-Josef"]
[Black "Rahn, Oskar"]
[Result "0-1"]
[WhiteElo "1679"]
[BlackElo "2060"]
[Annotator "ChessOrg"]
[PlyCount "102"]
[EventDate "2002.??.??"]

1. d4 d5 2. c4 e6 3. cxd5 exd5 4. Nc3 Nf6 5. Bg5 Be7 6. Nf3 c6 7. e3 Nbd7 8.
Bd3 h6 9. Bh4 Ne4 10. Bxe7 Qxe7 11. Qc2 Ng5 12. Nd2 Nf6 13. O-O Bd7 14. Rab1
O-O 15. b4 Rfc8 16. Bf5 b6 17. Rfc1 Rc7 18. a3 Rac8 19. Qd3 Bxf5 20. Qxf5 Qd6
21. Nf3 g6 22. Qd3 Nxf3+ 23. gxf3 Qe6 24. Kh1 Qh3 25. Qe2 Re7 26. Na4 Nh5 27.
Rg1 Re6 28. Rb2 Qf5 29. Qd1 Rf6 30. f4 Qe4+ 31. Rg2 Ng7 32. Nc3 Qe6 33. Rg3 Nf5
34. Rg1 Nd6 35. Qg4 Rf5 36. Qh3 Kg7 37. Qg2 c5 38. bxc5 bxc5 39. dxc5 Rxc5 40.
Ne2 Rf6 41. Nd4 Qc8 42. Rd1 Ne4 43. a4 Ra6 44. Rb5 Rc1 45. Rg1 Rxa4 46. Rxd5
Raa1 47. Ne2 Rxg1+ 48. Nxg1 Qc2 49. h3 Nxf2+ 50. Kh2 Ra2 51. f5 Ng4+ 0-1

[Event "Bad Woerishofen sen"]
[Site "?"]
[Date "2002.??.??"]
[Round "7"]
[White "Gretzer, Otmar"]
[Black "Born, Bernd-Ludger"]
[Result "0-1"]
[WhiteElo "2174"]
[BlackElo "2017"]
[Annotator "ChessOrg"]
[PlyCount "116"]
[EventDate "2002.??.??"]

1. e4 e6 2. d4 d5 3. Nd2 c5 4. dxc5 Bxc5 5. Nb3 Bb6 6. exd5 exd5 7. Bd3 Nf6 8.
Ne2 O-O 9. O-O Bg4 10. Bg5 Nc6 11. Qd2 Ne5 12. Nf4 Qd6 13. Bxf6 Qxf6 14. Nxd5
Qh4 15. Qf4 Nxd3 16. cxd3 Bd8 17. Ne3 Be2 18. Qxh4 Bxh4 19. Rfc1 Bxd3 20. Nc5
Bg6 21. Rd1 b6 22. Nd7 Rfe8 23. Rd4 Bg5 24. Rad1 Rxe3 25. fxe3 Bxe3+ 26. Kf1
Bxd4 27. Rxd4 Bf5 28. Ne5 Be6 29. a3 g6 30. Nc6 Kf8 31. b4 b5 32. Kf2 Kg7 33.
g4 g5 34. Kg3 Rc8 35. Rd6 Rc7 36. h3 Kf6 37. Kf2 Rd7 38. Rd4 Rxd4 39. Nxd4 Bd7
40. Ke3 Ke5 41. Nf3+ Kf6 42. Kd4 Bc6 43. Ng1 Ke6 44. Kc5 Kd7 45. Ne2 Bg2 46.
Ng1 Bf1 47. Nf3 f6 48. Ng1 Ke6 49. Kd4 f5 50. gxf5+ Kxf5 51. Ke3 h5 52. Kf2 Bc4
53. Nf3 Kf4 54. Nd2 Be6 55. Kg2 Ke3 56. Nf1+ Kd3 57. Ng3 h4 58. Nh1 Bd5+ 0-1

[Event "Bad Woerishofen sen"]
[Site "?"]
[Date "2002.??.??"]
[Round "7"]
[White "Herzel, Alois"]
[Black "Greifzu, Helmut"]
[Result "1-0"]
[WhiteElo "1844"]
[BlackElo "2036"]
[Annotator "ChessOrg"]
[PlyCount "131"]
[EventDate "2002.??.??"]

1. d4 Nf6 2. c4 e6 3. Nc3 Bb4 4. a3 Bxc3+ 5. bxc3 b6 6. f3 d5 7. cxd5 exd5 8.
e3 O-O 9. Bd3 Re8 10. Ne2 c5 11. O-O Nc6 12. Ng3 Be6 13. Bb2 Qc7 14. e4 Qf4 15.
e5 Nd7 16. Ne2 Qh4 17. Qe1 Qxe1 18. Raxe1 cxd4 19. cxd4 Na5 20. f4 Nf8 21. f5
Bd7 22. Nc3 Bc6 23. Nb5 Re7 24. Nd6 Nb7 25. Rc1 Ba4 26. Nxb7 Rxb7 27. Ba6 Rd7
28. Rc3 g6 29. g4 g5 30. Rfc1 Rad8 31. Rc8 h6 32. Rxd8 Rxd8 33. Rc7 Bd1 34. h3
h5 35. gxh5 Bxh5 36. Rc8 Rxc8 37. Bxc8 Nh7 38. Kf2 Bd1 39. Bc1 Kf8 40. Bd2 Ke8
41. f6 a5 42. Bf5 Nf8 43. Bxg5 Ne6 44. Be3 b5 45. Ke1 Bf3 46. Kd2 b4 47. axb4
axb4 48. Kc2 Nc7 49. Bd3 Kd7 50. Kb3 Be4 51. Be2 Bf5 52. h4 Kc6 53. Kxb4 Kb6
54. h5 Ne6 55. h6 Nf8 56. Kc3 Kc6 57. Kd2 Kd7 58. Ke1 Ke6 59. Kf2 Bh3 60. Kg3
Bf5 61. Kh4 Ng6+ 62. Kg5 Nf8 63. Bd2 Nh7+ 64. Kf4 Nf8 65. Ba6 Ng6+ 66. Kg5 1-0

[Event "Bad Woerishofen sen"]
[Site "?"]
[Date "2002.??.??"]
[Round "7"]
[White "Scheerer, Helmut"]
[Black "Escher, Helmut"]
[Result "1/2-1/2"]
[WhiteElo "1846"]
[BlackElo "2030"]
[Annotator "ChessOrg"]
[PlyCount "110"]
[EventDate "2002.??.??"]

1. e4 c5 2. Nf3 d6 3. d4 cxd4 4. Nxd4 Nf6 5. Nc3 a6 6. Be2 e5 7. Nb3 Be6 8. Be3
Be7 9. O-O Nbd7 10. Rc1 b5 11. f3 O-O 12. Qd2 Nb6 13. Na5 Qc7 14. Kh1 Rfd8 15.
Bxb6 Qxb6 16. Nb3 d5 17. exd5 Nxd5 18. Nxd5 Rxd5 19. Bd3 Bf5 20. Qe2 Bxd3 21.
cxd3 Rad8 22. d4 Bf6 23. dxe5 Rxe5 24. Qc2 g6 25. Rce1 Qe6 26. Re4 Rc8 27. Qf2
Kg7 28. h3 Rxe4 29. fxe4 Rc4 30. Nc5 Qe7 31. Nxa6 Rxe4 32. Qb6 Re2 33. Nc7 Re1
34. Kg1 Rxf1+ 35. Kxf1 Bh4 36. Qd4+ Kh6 37. Qd2+ Bg5 38. Qc3 b4 39. Qc2 Qe5 40.
Qc4 Qxb2 41. Nd5 Bd2 42. Kg1 Qa1+ 43. Kh2 Qe5+ 44. g3 Kg7 45. Kg2 Be1 46. Nf4
Qc3 47. Qd3 Qe5 48. Qe2 Qxe2+ 49. Nxe2 Kf6 50. Kf3 Ke5 51. Ke3 g5 52. g4 f5 53.
gxf5 h5 54. Nd4 Bc3 55. Ne2 g4 1/2-1/2

[Event "Bad Woerishofen sen"]
[Site "?"]
[Date "2002.??.??"]
[Round "7"]
[White "Bareth, Walter"]
[Black "Eisenhuth, Matthias"]
[Result "1/2-1/2"]
[WhiteElo "1851"]
[BlackElo "1697"]
[Annotator "ChessOrg"]
[PlyCount "47"]
[EventDate "2002.??.??"]

1. d4 d5 2. Nf3 Nf6 3. Bf4 e6 4. e3 Bd6 5. Bg3 Bxg3 6. hxg3 Nbd7 7. Bd3 c5 8.
c3 cxd4 9. exd4 a6 10. a4 Qe7 11. Qe2 h6 12. O-O O-O 13. Nbd2 Re8 14. Rfe1 Qd6
15. Ne5 Qc7 16. Ndf3 Nxe5 17. Nxe5 Bd7 18. Qc2 Rab8 19. Nxd7 Qxd7 20. Qb3 Rec8
21. Re2 Ne8 22. Qb4 Qd6 23. Qxd6 Nxd6 24. a5 1/2-1/2

[Event "Bad Woerishofen sen"]
[Site "?"]
[Date "2002.??.??"]
[Round "7"]
[White "Kuehn, Peter"]
[Black "Marzluf, Dieter"]
[Result "1-0"]
[WhiteElo "2013"]
[BlackElo "1831"]
[Annotator "ChessOrg"]
[PlyCount "105"]
[EventDate "2002.??.??"]

1. e4 e6 2. d3 d5 3. Nd2 Ne7 4. Ngf3 g6 5. g3 Bg7 6. Bg2 O-O 7. O-O c6 8. Qe2
Re8 9. e5 Nd7 10. Re1 a5 11. Nf1 a4 12. h4 c5 13. N1h2 Nc6 14. Bf4 f6 15. exf6
Nxf6 16. Qd2 Bh8 17. Ne5 Nxe5 18. Bxe5 Rf8 19. f4 Qb6 20. Qf2 Nd7 21. Bxh8 Kxh8
22. c3 Qd6 23. Qe2 Nf6 24. Qe5 Qxe5 25. Rxe5 Ra6 26. Rae1 Nh5 27. Kf2 Rb6 28.
R1e2 Ng7 29. Nf3 Bd7 30. c4 Rd6 31. Ng5 h6 32. Nf3 b5 33. Nd2 bxc4 34. dxc4 Bc6
35. Bh3 Rf6 36. b3 axb3 37. axb3 Nf5 38. Bxf5 gxf5 39. b4 cxb4 40. c5 Rd8 41.
Rxe6 Rdf8 42. Nb3 Bb5 43. R2e3 Bc4 44. Rxf6 Rxf6 45. Nd4 Kg8 46. c6 Rf7 47. Ke1
Ra7 48. Kd2 Ra2+ 49. Kc1 Ra3 50. Rxa3 bxa3 51. c7 Ba6 52. Nxf5 Bc8 53. Ne7+ 1-0

[Event "Bad Woerishofen sen"]
[Site "?"]
[Date "2002.??.??"]
[Round "7"]
[White "Koenigl, Anton"]
[Black "Mantzouneas, Nikolaos"]
[Result "1/2-1/2"]
[WhiteElo "1796"]
[BlackElo "2017"]
[Annotator "ChessOrg"]
[PlyCount "37"]
[EventDate "2002.??.??"]

1. e4 c5 2. Nf3 d6 3. d4 cxd4 4. Nxd4 Nf6 5. Nc3 a6 6. Bc4 e6 7. Be3 Be7 8. O-O
b5 9. Bd3 Bb7 10. f3 O-O 11. Qd2 Nbd7 12. Rad1 Rc8 13. a3 Ne5 14. Qf2 Nc4 15.
Bxc4 Rxc4 16. Rd2 Qc8 17. Nb3 b4 18. axb4 Rxb4 19. Na2 1/2-1/2

[Event "Bad Woerishofen sen"]
[Site "?"]
[Date "2002.??.??"]
[Round "7"]
[White "Moeckel, Edgar"]
[Black "Schumacher, Horst"]
[Result "0-1"]
[WhiteElo "2049"]
[BlackElo "1776"]
[Annotator "ChessOrg"]
[PlyCount "54"]
[EventDate "2002.??.??"]

1. d4 d5 2. Nf3 Bf5 3. c4 e6 4. Qb3 Nc6 5. e3 Nf6 6. Nc3 Nb4 7. cxd5 exd5 8.
Ne5 Bc2 9. Bb5+ c6 10. Nxc6 bxc6 11. Bxc6+ Nd7 12. Bxa8 Bxb3 13. axb3 Nc2+ 14.
Ke2 Nxa1 15. Bxd5 Nb6 16. Bc6+ Nd7 17. e4 Nxb3 18. Be3 Be7 19. Bd5 Qb8 20. g3
O-O 21. e5 Rc8 22. e6 Nf6 23. exf7+ Kf8 24. Be6 Nxd4+ 25. Bxd4 Qxb2+ 26. Kf1
Rxc3 27. Bxc3 Qxc3 0-1

[Event "Bad Woerishofen sen"]
[Site "?"]
[Date "2002.??.??"]
[Round "7"]
[White "Peierl, Wolter"]
[Black "Leschhorn, Heinrich"]
[Result "0-1"]
[WhiteElo "1745"]
[BlackElo "1875"]
[Annotator "ChessOrg"]
[PlyCount "89"]
[EventDate "2002.??.??"]

1. e4 Nf6 2. e5 Nd5 3. d4 d6 4. c4 Nb6 5. f4 dxe5 6. fxe5 Nc6 7. c5 Nd5 8. Nc3
e6 9. Nf3 Be7 10. Be2 O-O 11. O-O b6 12. Nxd5 exd5 13. cxb6 axb6 14. Be3 Bf5
15. a3 Na5 16. Nd2 Be6 17. Rc1 Nb7 18. Qc2 c5 19. dxc5 bxc5 20. Nf3 d4 21. Bd2
Rc8 22. Ba6 Qb6 23. Bd3 h6 24. Kh1 c4 25. Be4 d3 26. Qd1 Nc5 27. Be3 Qxb2 28.
Rf2 Qxa3 29. Ra1 Qb4 30. Rb1 Qa5 31. Bxc5 Bxc5 32. Rfb2 Qd8 33. Rb5 Bd5 34. Nd2
Bxe4 35. Nxe4 Qd4 36. Qf3 Qxe5 37. Re1 Qd4 38. Rf1 f5 39. Ng3 d2 40. Nxf5 Rxf5
41. Qxf5 Rf8 42. Qe6+ Kh7 43. Rd1 c3 44. Rxc5 Qxc5 45. Qe4+ 0-1

[Event "Bad Woerishofen sen"]
[Site "?"]
[Date "2002.??.??"]
[Round "7"]
[White "Thonig, Manfred"]
[Black "von Hoesslin, Holger"]
[Result "1-0"]
[WhiteElo "1550"]
[BlackElo "1790"]
[Annotator "ChessOrg"]
[PlyCount "107"]
[EventDate "2002.??.??"]

1. f4 Nf6 2. b3 g6 3. Bb2 Bg7 4. Nf3 d6 5. e3 c6 6. Be2 Bg4 7. O-O O-O 8. Qe1
Nbd7 9. c4 Re8 10. d4 Qc7 11. Nbd2 a6 12. a4 Rab8 13. Bd3 e6 14. h3 Bxf3 15.
Nxf3 c5 16. Rb1 Rbd8 17. Bc3 Nb8 18. dxc5 dxc5 19. Be5 Qe7 20. Bc2 Nc6 21. Bc3
Nd7 22. Bxg7 Kxg7 23. Qc3+ Qf6 24. Qe1 Kg8 25. Ng5 Qg7 26. Ne4 Nf6 27. Nxc5 Re7
28. b4 e5 29. f5 e4 30. Rf4 g5 31. Rf2 h6 32. b5 axb5 33. axb5 Nb8 34. Qa5 Rc8
35. Qb4 Qf8 36. Na4 Nbd7 37. Rd1 Ne5 38. c5 Ned7 39. Rd4 Qe8 40. Rd6 Re5 41. c6
bxc6 42. bxc6 Nb8 43. Rxf6 Nxc6 44. Qd6 Nd8 45. Qd1 Kg7 46. Rd6 Nb7 47. f6+ Kg6
48. Rd7 Nc5 49. Nxc5 Rexc5 50. Rd4 Re5 51. Qb1 Rc3 52. Bxe4+ Kh5 53. Qd1+ g4
54. Qxg4# 1-0

[Event "Bad Woerishofen sen"]
[Site "?"]
[Date "2002.??.??"]
[Round "7"]
[White "Johannsen, Ingbert"]
[Black "Niebaum, Karl"]
[Result "1-0"]
[WhiteElo "1979"]
[BlackElo "1799"]
[Annotator "ChessOrg"]
[PlyCount "59"]
[EventDate "2002.??.??"]

1. e4 c5 2. Nf3 Nf6 3. d3 d5 4. e5 Nfd7 5. g3 e6 6. Bg2 Nc6 7. Qe2 Qc7 8. Bf4
b6 9. Nc3 Ba6 10. Nxd5 exd5 11. e6 Nde5 12. exf7+ Kd8 13. Nxe5 Nd4 14. Qd2 Bd6
15. Bxd5 Bb7 16. Bxb7 Qxb7 17. O-O-O Bxe5 18. Bxe5 Nf3 19. Qf4 Rf8 20. Qe4 Rxf7
21. Bf4 Rc8 22. Qxh7 Re7 23. h4 Qd5 24. Qe4 Qxa2 25. Qxf3 Qa1+ 26. Kd2 Qxb2 27.
Qd5+ Ke8 28. Rb1 Qa3 29. Rhe1 Qa5+ 30. c3 1-0

[Event "Bad Woerishofen sen"]
[Site "?"]
[Date "2002.??.??"]
[Round "7"]
[White "Weber, Gerhard"]
[Black "Krueger, Manfred"]
[Result "1/2-1/2"]
[WhiteElo "2122"]
[BlackElo "1303"]
[Annotator "ChessOrg"]
[PlyCount "95"]
[EventDate "2002.??.??"]

1. e4 e5 2. f4 d6 3. Nf3 Nc6 4. Bc4 h6 5. O-O Nf6 6. Nc3 Bg4 7. h3 Bd7 8. d4
exd4 9. Nxd4 Nxd4 10. Qxd4 c5 11. Qf2 Bc6 12. e5 Ne4 13. Nxe4 Bxe4 14. e6 f5
15. Qg3 Qf6 16. Bd2 Qd4+ 17. Be3 Qf6 18. c3 O-O-O 19. Bf2 d5 20. Bd3 Qxe6 21.
Bxe4 dxe4 22. Be3 Rd3 23. Qf2 Qc6 24. Rfd1 Qd5 25. Qe2 b6 26. Rxd3 exd3 27. Qd2
c4 28. b3 Bc5 29. Re1 Re8 30. bxc4 Qxc4 31. Bxc5 Rxe1+ 32. Qxe1 Qxc5+ 33. Kf1
Kd7 34. Qd2 Qc4 35. Ke1 Kd6 36. Kf2 Kd5 37. g4 fxg4 38. hxg4 Qe4 39. g5 Kc4 40.
a4 Qe2+ 41. Qxe2 dxe2 42. gxh6 e1=Q+ 43. Kxe1 gxh6 44. Kf2 Kd5 45. Kf3 h5 46.
c4+ Kd4 47. a5 h4 48. Kg4 1/2-1/2

[Event "Bad Woerishofen sen"]
[Site "?"]
[Date "2002.??.??"]
[Round "7"]
[White "Gensbaur, Viktor"]
[Black "Gudat, Alfons"]
[Result "1/2-1/2"]
[WhiteElo "1800"]
[BlackElo "2047"]
[Annotator "ChessOrg"]
[PlyCount "95"]
[EventDate "2002.??.??"]

1. e4 c5 2. Nf3 Nc6 3. Bd3 e5 4. c3 Nf6 5. Bc2 d5 6. Qe2 d4 7. d3 Be7 8. O-O
O-O 9. h3 h6 10. Nh2 Be6 11. f4 exf4 12. Bxf4 Qd7 13. Nd2 Rad8 14. c4 a6 15. a4
b6 16. Bd1 Rfe8 17. Qf2 Nb4 18. Be2 Nh7 19. Ndf3 Bf6 20. Rfc1 a5 21. Bd2 Nc6
22. b3 Nf8 23. Rf1 Be7 24. Kh1 Bd6 25. g4 Ng6 26. Nh4 Nxh4 27. Qxh4 Be7 28. Qf2
Ne5 29. Nf3 Ng6 30. Qg2 Bd6 31. Kg1 Nf4 32. Bxf4 Bxf4 33. Nh4 Be3+ 34. Kh1 g6
35. Qf3 Bg5 36. Qg3 Qd6 37. Qxd6 Rxd6 38. Ng2 Bd7 39. Kh2 f5 40. gxf5 gxf5 41.
Bf3 fxe4 42. Bxe4 Bc6 43. Bxc6 Rxc6 44. Rae1 Rce6 45. Rxe6 Rxe6 46. Re1 Kf7 47.
Kg3 Kf6 48. Kf3 1/2-1/2

[Event "Bad Woerishofen sen"]
[Site "?"]
[Date "2002.??.??"]
[Round "8"]
[White "Minz, Michail"]
[Black "Thielemann, Joachim"]
[Result "1-0"]
[WhiteElo "2133"]
[BlackElo "2073"]
[Annotator "ChessOrg"]
[PlyCount "53"]
[EventDate "2002.??.??"]

1. e4 e5 2. Nf3 Nf6 3. Nc3 d6 4. d4 exd4 5. Nxd4 g6 6. Bg5 Bg7 7. Qd2 O-O 8.
O-O-O Bd7 9. f3 a6 10. h4 Qc8 11. g4 b5 12. Bh6 b4 13. Bxg7 Kxg7 14. Nd5 Nxd5
15. exd5 a5 16. h5 Rh8 17. h6+ Kf8 18. Re1 Qd8 19. g5 c5 20. Ne6+ Bxe6 21. dxe6
Ra7 22. Bc4 Nc6 23. exf7 Re7 24. Rxe7 Nxe7 25. Re1 d5 26. Bxd5 Qd6 27. Bc4 1-0